Statistics for All Too Well (10 Minute Version) p.2

Click here to take the quiz!

General Stats

  • This quiz has been taken 8 times
  • The average score is 471 of 496

Answer Stats

Answer% Correct
a
100%
A
100%
actress
100%
affair
100%
again,
100%
again
100%
age,
100%
age"
100%
all
100%
all,
100%
And
100%
and
100%
as
100%
asked
100%
be
100%
bein'
100%
blue?
100%
bones
100%
break
100%
But
100%
but
100%
by
100%
call
100%
charmed
100%
closer
100%
coffee
100%
come
100%
cruel
100%
dad
100%
did
100%
do
100%
door
100%
Down
100%
ends
100%
ever
100%
Every
100%
fall
100%
first
100%
flame
100%
fly,
100%
for
100%
front
100%
fun
100%
good
100%
got
100%
hair
100%
hair,
100%
he
100%
hell
100%
her
100%
honest
100%
I
100%
I'd
100%
"I'll
100%
I'm
100%
in
100%
It
100%
it
100%
"It's
100%
it's
100%
jewel
100%
jokes,
100%
jokes
100%
just
100%
Just
100%
keep
100%
late
100%
like
100%
lost
100%
love
100%
lovers
100%
made
100%
maim
100%
masterpiece
100%
maybe
100%
Maybe
100%
me,
100%
me
100%
much
100%
my
100%
name
100%
never
100%
new
100%
night
100%
night,
100%
of
100%
old
100%
on
100%
own
100%
party
100%
promise
100%
reflects
100%
remember
100%
reminds
100%
returning
100%
said,
100%
said
100%
scarf
100%
self
100%
shine
100%
show
100%
Sippin'
100%
skin
100%
smells
100%
snow
100%
So
100%
so
100%
soldier
100%
Some
100%
stay
100%
supposed
100%
tellin'
100%
that
100%
The
100%
the
100%
then
100%
there
100%
there,
100%
thing
100%
this
100%
time
100%
Time
100%
to
100%
too
100%
too?
100%
translation,
100%
turning
100%
twin
100%
up
100%
was
100%
watch
100%
watched
100%
we
100%
well?
100%
Well,
100%
well,
100%
well
100%
were
100%
what
100%
when
100%
who
100%
who's
100%
willi'
100%
Wind
100%
with
100%
You
100%
you
100%
your
100%
you're
100%
After
86%
all's
86%
askin'
86%
at
86%
bathroom
86%
been
86%
broke
86%
casually
86%
'Cause
86%
cold
86%
cross
86%
days
86%
die
86%
double
86%
effacing
86%
fell
86%
find
86%
fine
86%
From
86%
from
86%
get
86%
goes
86%
had
86%
half
86%
happened,
86%
here
86%
idea
86%
if
86%
innocence
86%
line
86%
lyin'
86%
mind
86%
needy
86%
older,
86%
paper
86%
paralyzed
86%
piece
86%
rare,
86%
rid
86%
say
86%
she?
86%
stairs,
86%
stairs
86%
still
86%
That's
86%
They
86%
trying
86%
twenty-one"
86%
very
86%
walk
86%
want
86%
won't
86%
would've
86%
alone
71%
are
71%
back
71%
Back
71%
between
71%
Brooklyn
71%
bruise
71%
can't
71%
city's
71%
home
71%
loved
71%
lovely
71%
mail
71%
nights
71%
Not
71%
Now
71%
paint
71%
prayer,
71%
punch
71%
real
71%
Sacred
71%
things
71%
tore
71%
us,
71%
us
71%
week
71%
weepin'
71%
weight
71%
yeah
71%
before
57%
how
57%
known
57%
one
57%
plaid
57%
Runnin'
57%
scared,
57%
shirt
57%
'til
57%
whose
57%
you've
57%
crumpled
43%
glistened
43%
barren
29%

Score Distribution

Percentile by Number Answered

Percent of People with Each Score

Your Score History

You have not taken this quiz